| 000 | 00980naa a2200289 c 4500 | ||
|---|---|---|---|
| 001 | 41322 | ||
| 003 | ES-MaCES | ||
| 005 | 20110224103400.0 | ||
| 008 | 110224n2010 sp t 000 | spa d | ||
| 035 | _aCES20110002136v | ||
| 040 |
_aES-MaCES _bspa _cES-MaCES |
||
| 100 | 1 |
_aCos Egea, Manrique _910053 |
|
| 245 | 1 | 4 |
_aLos trabajadores especialmente sensibles a determinados riesgos en la doctrina judicial _cManrique Cos Egea |
| 500 | _aResumen | ||
| 650 | 4 |
_asentencia judicial _929888 |
|
| 650 | 4 |
_aprocedimiento laboral _930887 |
|
| 650 | 4 |
_alegislación del trabajo _927166 |
|
| 650 | 4 |
_aresponsabilidad del empleador _930146 |
|
| 650 | 4 |
_adespido _928352 |
|
| 650 | 4 |
_ariesgo _929564 |
|
| 650 | 4 |
_atrabajador _928414 |
|
| 653 | 1 | 0 | _aJurisprudencia |
| 773 | 0 |
_tAranzadi social _gn. 12 (nov. 2010){10650 R. 078003}; p. 79-106 _w(ES-MaCES)25655 _967525 |
|
| 902 | _aART ArtÃculo de revista | ||
| 942 |
_2CES _cAR _h6.2. |
||
| 999 |
_c41322 _d41322 |
||